000
00316nam a22001457a 4500
999
_c
11995
_d
11995
020
_a
978-0070423350
082
_a
332.1
100
_a
Miller, Roger LeRoy
245
_a
Modern money and banking
250
_a
3rd Edition
260
_a
USA
_b
McGraw Hill
_c
1993
300
_a
358
650
_a
Finance
942
_c
BK